<?xml version="1.0" encoding="UTF-8"?>
<record
    xmlns:xsi="http://www.w3.org/2001/XMLSchema-instance"
    xsi:schemaLocation="http://www.loc.gov/MARC21/slim http://www.loc.gov/standards/marcxml/schema/MARC21slim.xsd"
    xmlns="http://www.loc.gov/MARC21/slim">

  <leader>01263nam a22001697a 4500</leader>
  <controlfield tag="005">20220715151422.0</controlfield>
  <controlfield tag="008">220715b           ||||| |||| 00| 0 eng d</controlfield>
  <datafield tag="020" ind1=" " ind2=" ">
    <subfield code="a">9781483378958</subfield>
  </datafield>
  <datafield tag="050" ind1=" " ind2=" ">
    <subfield code="a">HV6431. M367</subfield>
  </datafield>
  <datafield tag="100" ind1=" " ind2=" ">
    <subfield code="9">Gus, Martin</subfield>
  </datafield>
  <datafield tag="245" ind1=" " ind2=" ">
    <subfield code="a">Understanding terrorism: Challenges, perspectives, and issues. /</subfield>
    <subfield code="c">Martin Gus. -</subfield>
  </datafield>
  <datafield tag="250" ind1=" " ind2=" ">
    <subfield code="a">5th ed.</subfield>
  </datafield>
  <datafield tag="260" ind1=" " ind2=" ">
    <subfield code="a">California:</subfield>
    <subfield code="b">Sage Publications;</subfield>
    <subfield code="c">2016.</subfield>
  </datafield>
  <datafield tag="300" ind1=" " ind2=" ">
    <subfield code="a">xvii; 443 p.:</subfield>
    <subfield code="c">26 cm.</subfield>
  </datafield>
  <datafield tag="505" ind1=" " ind2=" ">
    <subfield code="a">Contents: Terrorism: first impressions -- The nature of the beast: defining terrorism -- Beginnings: The causes of terrorism -- Terror from above: terrorism by the state -- Terror from below: terrorism by dissidents -- Violence in the name of the faith: religious terrorism -- Violent ideologies: terrorism from the left and right -- Terrorist spillovers: international terrorism -- Emerging terrorist environments: gender-selective political violence and criminal dissident terrorism -- Tools of the trade: tactics and targets of terrorists -- The information battleground: terrorist violence and the role of the media -- The American case: terrorism in the United States -- Counterterrorism: the options -- A new era: homeland security --  What next? The future of terrorism.</subfield>
  </datafield>
  <datafield tag="942" ind1=" " ind2=" ">
    <subfield code="2">lcc</subfield>
    <subfield code="c">BK</subfield>
    <subfield code="e">5th ed.</subfield>
  </datafield>
  <datafield tag="999" ind1=" " ind2=" ">
    <subfield code="c">9071</subfield>
    <subfield code="d">16571</subfield>
  </datafield>
  <datafield tag="952" ind1=" " ind2=" ">
    <subfield code="0">0</subfield>
    <subfield code="1">0</subfield>
    <subfield code="2">lcc</subfield>
    <subfield code="4">0</subfield>
    <subfield code="7">0</subfield>
    <subfield code="a">WIUC-1</subfield>
    <subfield code="b">WIUC-1</subfield>
    <subfield code="c">REF</subfield>
    <subfield code="d">2022-07-15</subfield>
    <subfield code="l">0</subfield>
    <subfield code="o">HV6431. M367</subfield>
    <subfield code="p">9072/522/22</subfield>
    <subfield code="r">2022-07-15 00:00:00</subfield>
    <subfield code="t">1</subfield>
    <subfield code="w">2022-07-15</subfield>
    <subfield code="y">BK</subfield>
  </datafield>
</record>
